TheBerryLegend's Simple Geography Quiz #3 - Statistics

General Stats
  • This quiz has been taken 8 times
  • The average score is 13 of 15
Answer Stats
Question Answer % Correct
Which U.S. state is both, the easternmost and westernmost? Alaska
100%
What is the old name of Myanmar? Burma
100%
Biggest U.S. state by population... California
100%
"FSM" stands for which country... Federated States of Micronesia
100%
After Alaska, which U.S. state has the longest coastline? Florida
100%
What is the capital of Vietnam? Hanoi
100%
Country that allows no one to leave or enter... North Korea
100%
What is the only country that starts with "Q"? Qatar
100%
Madrid is the capital city of which country? Spain
100%
What do you call someone from Sudan? Sudanese
100%
Dresden is a city in (Country)... Germany
71%
Country that does not admit to having nukes but, probably does... Israel
71%
India's most populous city... Mumbai
71%
What is the name of the highest uninterrupted waterfall in the world? Angel Falls
57%
When did the French revolution end (Year)? 1799
43%
No matching quizzes found
Score Distribution
Percent of People with Each Score
Percentile by Number Answered
Your Score History
You have not taken this quiz